Statistiken für Schnelle Mathematik - Division mit Rest

Klicken Sie hier um das Quiz zu spielen!

Allgemein

  • Dieses Quiz wurde 56 mal gespielt
  • Das Durchschnittsergebnis liegt bei 12 aus 20

Antwortstatistiken

AufgabeAntwort% Korrekt
56 mod 80
100%
32 mod 80
100%
48 mod 60
100%
33 mod 30
100%
84 mod 60
100%
27 mod 90
100%
20 mod 50
100%
25 mod 50
100%
45 mod 50
100%
48 mod 30
100%
77 mod 110
100%
34 mod 170
100%
55 mod 110
100%
65 mod 50
100%
45 mod 150
100%
93 mod 30
100%
72 mod 30
100%
77 mod 70
100%
57 mod 30
100%
66 mod 60
100%
33 mod 110
100%
70 mod 70
100%
48 mod 80
100%
91 mod 130
100%
75 mod 50
100%
90 mod 30
100%
40 mod 100
100%
81 mod 30
100%
55 mod 50
100%
30 mod 60
100%
90 mod 50
100%
39 mod 130
100%
96 mod 30
100%
91 mod 70
100%
42 mod 30
100%
63 mod 30
100%
96 mod 80
100%
80 mod 50
100%
63 mod 90
100%
50 mod 50
100%
76 mod 51
100%
56 mod 51
100%
92 mod 71
100%
89 mod 81
100%
92 mod 131
100%
81 mod 51
100%
73 mod 61
100%
55 mod 91
100%
55 mod 61
100%
31 mod 31
100%
25 mod 31
100%
31 mod 51
100%
25 mod 61
100%
25 mod 81
100%
67 mod 61
100%
26 mod 51
100%
40 mod 131
100%
51 mod 51
100%
50 mod 71
100%
43 mod 71
100%
82 mod 31
100%
70 mod 31
100%
20 mod 191
100%
58 mod 191
100%
28 mod 31
100%
89 mod 111
100%
64 mod 71
100%
46 mod 91
100%
41 mod 51
100%
43 mod 31
100%
96 mod 51
100%
81 mod 161
100%
36 mod 51
100%
35 mod 171
100%
85 mod 31
100%
61 mod 151
100%
45 mod 111
100%
39 mod 191
100%
34 mod 111
100%
86 mod 51
100%
34 mod 31
100%
41 mod 101
100%
67 mod 1910
100%
25 mod 1510
100%
70 mod 1510
100%
58 mod 1610
100%
29 mod 1910
100%
43 mod 1110
100%
27 mod 1710
100%
27 mod 1611
100%
71 mod 1511
100%
28 mod 1711
100%
41 mod 1511
100%
91 mod 1611
100%
86 mod 1511
100%
79 mod 1711
100%
72 mod 1512
100%
29 mod 1712
100%
31 mod 1912
100%
92 mod 1612
100%
27 mod 1512
100%
60 mod 1612
100%
77 mod 1312
100%
42 mod 1512
100%
32 mod 1913
100%
59 mod 1514
100%
46 mod 1614
100%
82 mod 1714
100%
34 mod 1915
100%
73 mod 1916
100%
50 mod 1716
100%
55 mod 1917
100%
75 mod 1918
100%
27 mod 52
100%
32 mod 152
100%
38 mod 32
100%
40 mod 192
100%
62 mod 32
100%
93 mod 132
100%
54 mod 132
100%
68 mod 32
100%
72 mod 102
100%
89 mod 32
100%
58 mod 82
100%
68 mod 112
100%
92 mod 32
100%
44 mod 72
100%
62 mod 152
100%
86 mod 62
100%
80 mod 132
100%
92 mod 152
100%
38 mod 92
100%
36 mod 172
100%
46 mod 112
100%
95 mod 32
100%
52 mod 52
100%
82 mod 162
100%
77 mod 152
100%
66 mod 162
100%
52 mod 102
100%
32 mod 52
100%
38 mod 62
100%
56 mod 62
100%
80 mod 32
100%
74 mod 92
100%
23 mod 53
100%
83 mod 53
100%
87 mod 73
100%
48 mod 53
100%
57 mod 63
100%
33 mod 63
100%
66 mod 93
100%
93 mod 153
100%
38 mod 53
100%
91 mod 113
100%
71 mod 173
100%
83 mod 83
100%
53 mod 53
100%
51 mod 83
100%
94 mod 133
100%
69 mod 63
100%
27 mod 83
100%
63 mod 53
100%
53 mod 103
100%
67 mod 163
100%
20 mod 173
100%
55 mod 133
100%
88 mod 53
100%
84 mod 93
100%
21 mod 93
100%
39 mod 63
100%
22 mod 94
100%
44 mod 54
100%
82 mod 134
100%
64 mod 154
100%
42 mod 194
100%
46 mod 64
100%
37 mod 114
100%
34 mod 64
100%
44 mod 84
100%
94 mod 64
100%
24 mod 104
100%
24 mod 54
100%
88 mod 74
100%
40 mod 94
100%
82 mod 64
100%
81 mod 74
100%
28 mod 84
100%
20 mod 84
100%
54 mod 54
100%
32 mod 74
100%
31 mod 94
100%
25 mod 74
100%
77 mod 65
100%
43 mod 195
100%
82 mod 115
100%
53 mod 85
100%
29 mod 65
100%
60 mod 115
100%
69 mod 165
100%
20 mod 155
100%
83 mod 135
100%
95 mod 155
100%
95 mod 95
100%
53 mod 165
100%
40 mod 75
100%
61 mod 85
100%
49 mod 115
100%
86 mod 95
100%
33 mod 75
100%
82 mod 75
100%
57 mod 135
100%
77 mod 85
100%
65 mod 105
100%
85 mod 105
100%
32 mod 95
100%
85 mod 85
100%
22 mod 175
100%
55 mod 105
100%
35 mod 105
100%
26 mod 75
100%
21 mod 85
100%
60 mod 96
100%
42 mod 96
100%
61 mod 116
100%
40 mod 176
100%
28 mod 116
100%
83 mod 116
100%
87 mod 96
100%
36 mod 156
100%
90 mod 76
100%
58 mod 136
100%
94 mod 116
100%
70 mod 86
100%
51 mod 156
100%
46 mod 86
100%
26 mod 106
100%
76 mod 106
100%
55 mod 76
100%
39 mod 167
100%
52 mod 157
100%
26 mod 197
100%
88 mod 97
100%
24 mod 177
100%
95 mod 87
100%
47 mod 107
100%
83 mod 197
100%
22 mod 157
100%
34 mod 97
100%
23 mod 167
100%
45 mod 197
100%
47 mod 87
100%
56 mod 168
100%
40 mod 168
100%
80 mod 98
100%
71 mod 98
100%
44 mod 98
100%
52 mod 118
100%
74 mod 118
100%
78 mod 108
100%
48 mod 108
100%
58 mod 108
100%
88 mod 108
100%
24 mod 168
100%
83 mod 158
100%
85 mod 118
100%
26 mod 98
100%
34 mod 138
100%
27 mod 198
100%
38 mod 108
100%
64 mod 119
100%
89 mod 109
100%
41 mod 169
100%
22 mod 139
100%
25 mod 169
100%
86 mod 119
100%
39 mod 109
100%
29 mod 1514
75%
86 mod 72
75%
21 mod 51
67%
26 mod 32
67%
34 mod 82
67%
42 mod 52
67%
81 mod 63
67%
42 mod 133
67%
24 mod 73
67%
70 mod 64
67%
89 mod 174
67%
52 mod 164
67%
93 mod 115
67%
80 mod 155
67%
84 mod 117
67%
33 mod 137
67%
75 mod 150
50%
30 mod 30
50%
38 mod 190
50%
87 mod 30
50%
44 mod 110
50%
67 mod 111
50%
53 mod 131
50%
85 mod 61
50%
85 mod 71
50%
40 mod 31
50%
66 mod 51
50%
65 mod 1110
50%
95 mod 1710
50%
50 mod 1311
50%
62 mod 1711
50%
51 mod 1312
50%
77 mod 1613
50%
81 mod 1713
50%
48 mod 1714
50%
66 mod 1715
50%
54 mod 1916
50%
35 mod 32
50%
29 mod 92
50%
77 mod 32
50%
30 mod 72
50%
80 mod 62
50%
26 mod 82
50%
53 mod 172
50%
82 mod 82
50%
23 mod 72
50%
47 mod 52
50%
43 mod 53
50%
75 mod 63
50%
45 mod 73
50%
39 mod 93
50%
60 mod 84
50%
67 mod 94
50%
59 mod 54
50%
68 mod 164
50%
81 mod 114
50%
80 mod 194
50%
23 mod 194
50%
76 mod 84
50%
95 mod 105
50%
65 mod 155
50%
90 mod 175
50%
23 mod 176
50%
38 mod 86
50%
30 mod 86
50%
24 mod 96
50%
27 mod 107
50%
31 mod 87
50%
43 mod 97
50%
87 mod 87
50%
42 mod 178
50%
89 mod 98
50%
28 mod 108
50%
77 mod 179
50%
54 mod 90
33%
40 mod 50
33%
52 mod 31
33%
24 mod 1311
33%
89 mod 1311
33%
37 mod 1311
33%
76 mod 1612
33%
21 mod 63
33%
59 mod 83
33%
27 mod 115
33%
79 mod 109
33%
69 mod 159
33%
57 mod 190
0%
80 mod 80
0%
42 mod 60
0%
45 mod 30
0%
85 mod 50
0%
28 mod 70
0%
52 mod 130
0%
70 mod 50
0%
51 mod 170
0%
78 mod 60
0%
90 mod 90
0%
90 mod 60
0%
90 mod 100
0%
64 mod 160
0%
80 mod 100
0%
70 mod 100
0%
78 mod 30
0%
65 mod 130
0%
90 mod 150
0%
27 mod 30
0%
56 mod 70
0%
84 mod 30
0%
24 mod 80
0%
36 mod 90
0%
66 mod 110
0%
26 mod 130
0%
24 mod 60
0%
24 mod 30
0%
78 mod 130
0%
84 mod 70
0%
66 mod 30
0%
54 mod 30
0%
68 mod 170
0%
42 mod 70
0%
36 mod 60
0%
69 mod 30
0%
36 mod 30
0%
45 mod 90
0%
80 mod 160
0%
54 mod 60
0%
51 mod 30
0%
48 mod 160
0%
88 mod 80
0%
96 mod 60
0%
81 mod 90
0%
49 mod 70
0%
63 mod 70
0%
35 mod 70
0%
21 mod 70
0%
76 mod 190
0%
60 mod 100
0%
60 mod 150
0%
75 mod 30
0%
20 mod 100
0%
95 mod 190
0%
60 mod 30
0%
60 mod 50
0%
60 mod 60
0%
40 mod 80
0%
85 mod 170
0%
21 mod 30
0%
39 mod 30
0%
72 mod 90
0%
35 mod 50
0%
30 mod 50
0%
22 mod 110
0%
32 mod 160
0%
72 mod 60
0%
50 mod 100
0%
72 mod 80
0%
30 mod 100
0%
64 mod 80
0%
88 mod 110
0%
95 mod 50
0%
30 mod 150
0%
96 mod 160
0%
61 mod 101
0%
37 mod 61
0%
61 mod 31
0%
61 mod 51
0%
37 mod 31
0%
37 mod 91
0%
56 mod 111
0%
66 mod 131
0%
21 mod 101
0%
82 mod 91
0%
57 mod 71
0%
57 mod 81
0%
65 mod 161
0%
81 mod 81
0%
23 mod 111
0%
81 mod 101
0%
64 mod 31
0%
22 mod 31
0%
65 mod 81
0%
22 mod 71
0%
58 mod 31
0%
64 mod 91
0%
67 mod 31
0%
41 mod 81
0%
94 mod 31
0%
61 mod 61
0%
91 mod 151
0%
46 mod 31
0%
28 mod 91
0%
78 mod 71
0%
29 mod 71
0%
77 mod 191
0%
71 mod 51
0%
51 mod 101
0%
71 mod 71
0%
71 mod 101
0%
31 mod 151
0%
46 mod 51
0%
69 mod 171
0%
88 mod 31
0%
73 mod 31
0%
49 mod 161
0%
73 mod 81
0%
31 mod 101
0%
73 mod 91
0%
49 mod 81
0%
49 mod 61
0%
31 mod 61
0%
33 mod 161
0%
52 mod 171
0%
27 mod 131
0%
91 mod 51
0%
76 mod 151
0%
43 mod 61
0%
91 mod 101
0%
91 mod 91
0%
79 mod 131
0%
91 mod 61
0%
55 mod 31
0%
79 mod 61
0%
46 mod 151
0%
79 mod 31
0%
76 mod 31
0%
91 mod 31
0%
86 mod 171
0%
33 mod 81
0%
36 mod 71
0%
78 mod 111
0%
49 mod 31
0%
32 mod 1110
0%
61 mod 1710
0%
75 mod 1310
0%
74 mod 1610
0%
87 mod 1110
0%
86 mod 1910
0%
62 mod 1310
0%
85 mod 1510
0%
48 mod 1910
0%
40 mod 1510
0%
36 mod 1310
0%
42 mod 1610
0%
26 mod 1610
0%
54 mod 1110
0%
78 mod 1710
0%
23 mod 1310
0%
90 mod 1610
0%
44 mod 1710
0%
55 mod 1510
0%
88 mod 1310
0%
49 mod 1310
0%
21 mod 1110
0%
76 mod 1110
0%
87 mod 1911
0%
68 mod 1911
0%
75 mod 1611
0%
63 mod 1311
0%
76 mod 1311
0%
96 mod 1711
0%
26 mod 1511
0%
45 mod 1711
0%
30 mod 1911
0%
49 mod 1911
0%
56 mod 1511
0%
43 mod 1611
0%
59 mod 1611
0%
57 mod 1512
0%
46 mod 1712
0%
64 mod 1312
0%
38 mod 1312
0%
25 mod 1312
0%
44 mod 1612
0%
63 mod 1712
0%
50 mod 1912
0%
80 mod 1712
0%
87 mod 1512
0%
88 mod 1912
0%
28 mod 1612
0%
69 mod 1912
0%
90 mod 1312
0%
64 mod 1713
0%
58 mod 1513
0%
29 mod 1613
0%
88 mod 1513
0%
47 mod 1713
0%
30 mod 1713
0%
73 mod 1513
0%
89 mod 1913
0%
28 mod 1513
0%
70 mod 1913
0%
93 mod 1613
0%
51 mod 1913
0%
61 mod 1613
0%
45 mod 1613
0%
43 mod 1513
0%
74 mod 1514
0%
31 mod 1714
0%
33 mod 1914
0%
94 mod 1614
0%
78 mod 1614
0%
89 mod 1514
0%
90 mod 1914
0%
62 mod 1614
0%
30 mod 1614
0%
52 mod 1914
0%
71 mod 1914
0%
44 mod 1514
0%
65 mod 1714
0%
31 mod 1615
0%
53 mod 1915
0%
63 mod 1615
0%
95 mod 1615
0%
72 mod 1915
0%
83 mod 1715
0%
47 mod 1615
0%
91 mod 1915
0%
32 mod 1715
0%
79 mod 1615
0%
49 mod 1715
0%
33 mod 1716
0%
67 mod 1716
0%
84 mod 1716
0%
92 mod 1916
0%
35 mod 1916
0%
93 mod 1917
0%
74 mod 1917
0%
36 mod 1917
0%
56 mod 1918
0%
94 mod 1918
0%
37 mod 1918
0%
32 mod 32
0%
32 mod 62
0%
79 mod 72
0%
51 mod 72
0%
44 mod 62
0%
42 mod 102
0%
42 mod 82
0%
71 mod 32
0%
44 mod 32
0%
87 mod 172
0%
70 mod 172
0%
78 mod 192
0%
50 mod 62
0%
41 mod 132
0%
74 mod 62
0%
37 mod 72
0%
47 mod 32
0%
47 mod 92
0%
82 mod 102
0%
83 mod 92
0%
37 mod 52
0%
47 mod 152
0%
77 mod 52
0%
82 mod 52
0%
74 mod 82
0%
35 mod 112
0%
32 mod 102
0%
74 mod 32
0%
34 mod 162
0%
41 mod 32
0%
86 mod 32
0%
50 mod 32
0%
83 mod 32
0%
50 mod 82
0%
72 mod 72
0%
72 mod 52
0%
87 mod 52
0%
50 mod 162
0%
53 mod 32
0%
20 mod 32
0%
79 mod 112
0%
93 mod 72
0%
56 mod 92
0%
92 mod 52
0%
92 mod 62
0%
92 mod 92
0%
66 mod 82
0%
92 mod 102
0%
57 mod 52
0%
24 mod 112
0%
57 mod 112
0%
65 mod 92
0%
65 mod 32
0%
58 mod 72
0%
67 mod 52
0%
23 mod 32
0%
59 mod 32
0%
22 mod 102
0%
22 mod 52
0%
62 mod 102
0%
21 mod 192
0%
62 mod 62
0%
62 mod 52
0%
59 mod 192
0%
20 mod 92
0%
20 mod 62
0%
56 mod 32
0%
65 mod 72
0%
90 mod 82
0%
29 mod 32
0%
68 mod 62
0%
90 mod 112
0%
67 mod 132
0%
26 mod 62
0%
28 mod 132
0%
93 mod 63
0%
91 mod 83
0%
68 mod 133
0%
93 mod 93
0%
93 mod 103
0%
94 mod 73
0%
47 mod 113
0%
83 mod 103
0%
58 mod 113
0%
83 mod 163
0%
51 mod 163
0%
22 mod 193
0%
37 mod 173
0%
63 mod 153
0%
38 mod 73
0%
63 mod 103
0%
41 mod 193
0%
43 mod 103
0%
60 mod 193
0%
79 mod 193
0%
30 mod 93
0%
52 mod 73
0%
29 mod 133
0%
78 mod 153
0%
80 mod 73
0%
75 mod 83
0%
80 mod 113
0%
43 mod 83
0%
78 mod 53
0%
31 mod 73
0%
45 mod 63
0%
81 mod 133
0%
63 mod 63
0%
59 mod 73
0%
75 mod 93
0%
67 mod 83
0%
36 mod 113
0%
35 mod 83
0%
25 mod 113
0%
33 mod 53
0%
87 mod 63
0%
33 mod 103
0%
33 mod 153
0%
54 mod 173
0%
27 mod 63
0%
51 mod 63
0%
73 mod 53
0%
66 mod 73
0%
73 mod 73
0%
73 mod 103
0%
68 mod 53
0%
28 mod 53
0%
57 mod 93
0%
48 mod 153
0%
48 mod 93
0%
58 mod 53
0%
93 mod 53
0%
69 mod 113
0%
35 mod 163
0%
88 mod 173
0%
23 mod 103
0%
94 mod 104
0%
29 mod 54
0%
94 mod 54
0%
36 mod 84
0%
26 mod 114
0%
36 mod 164
0%
30 mod 134
0%
20 mod 164
0%
95 mod 134
0%
89 mod 54
0%
92 mod 114
0%
84 mod 84
0%
92 mod 84
0%
21 mod 174
0%
34 mod 154
0%
28 mod 64
0%
95 mod 74
0%
34 mod 104
0%
94 mod 94
0%
85 mod 94
0%
84 mod 164
0%
22 mod 64
0%
94 mod 154
0%
34 mod 54
0%
40 mod 64
0%
39 mod 74
0%
39 mod 54
0%
84 mod 54
0%
38 mod 174
0%
88 mod 64
0%
84 mod 104
0%
79 mod 54
0%
79 mod 154
0%
52 mod 64
0%
67 mod 74
0%
54 mod 104
0%
46 mod 74
0%
49 mod 54
0%
69 mod 54
0%
69 mod 134
0%
53 mod 74
0%
52 mod 84
0%
70 mod 114
0%
56 mod 134
0%
76 mod 94
0%
76 mod 64
0%
72 mod 174
0%
49 mod 154
0%
48 mod 114
0%
49 mod 94
0%
74 mod 54
0%
74 mod 104
0%
55 mod 174
0%
68 mod 84
0%
74 mod 74
0%
60 mod 74
0%
44 mod 104
0%
64 mod 54
0%
64 mod 64
0%
64 mod 104
0%
61 mod 194
0%
58 mod 94
0%
43 mod 134
0%
59 mod 114
0%
58 mod 64
0%
73 mod 175
0%
85 mod 165
0%
62 mod 195
0%
21 mod 165
0%
35 mod 65
0%
50 mod 155
0%
71 mod 115
0%
96 mod 75
0%
71 mod 65
0%
95 mod 65
0%
31 mod 135
0%
96 mod 135
0%
50 mod 95
0%
23 mod 95
0%
70 mod 135
0%
68 mod 95
0%
65 mod 65
0%
24 mod 195
0%
25 mod 105
0%
93 mod 85
0%
68 mod 75
0%
23 mod 65
0%
54 mod 75
0%
56 mod 175
0%
29 mod 85
0%
69 mod 85
0%
89 mod 75
0%
89 mod 65
0%
59 mod 65
0%
53 mod 65
0%
59 mod 95
0%
61 mod 75
0%
41 mod 65
0%
45 mod 105
0%
41 mod 95
0%
44 mod 135
0%
83 mod 65
0%
37 mod 85
0%
47 mod 75
0%
45 mod 85
0%
39 mod 175
0%
37 mod 165
0%
47 mod 65
0%
75 mod 75
0%
75 mod 105
0%
35 mod 155
0%
77 mod 95
0%
38 mod 115
0%
81 mod 195
0%
56 mod 106
0%
82 mod 196
0%
38 mod 166
0%
76 mod 76
0%
54 mod 166
0%
83 mod 76
0%
84 mod 136
0%
44 mod 196
0%
46 mod 106
0%
81 mod 156
0%
45 mod 136
0%
69 mod 96
0%
39 mod 116
0%
54 mod 86
0%
69 mod 76
0%
63 mod 196
0%
91 mod 176
0%
57 mod 176
0%
66 mod 156
0%
66 mod 106
0%
27 mod 76
0%
70 mod 166
0%
41 mod 76
0%
72 mod 116
0%
96 mod 156
0%
96 mod 106
0%
96 mod 96
0%
20 mod 76
0%
74 mod 176
0%
48 mod 76
0%
21 mod 156
0%
36 mod 106
0%
34 mod 76
0%
78 mod 96
0%
62 mod 76
0%
22 mod 166
0%
86 mod 86
0%
86 mod 106
0%
62 mod 86
0%
25 mod 196
0%
33 mod 96
0%
51 mod 96
0%
86 mod 166
0%
94 mod 86
0%
71 mod 136
0%
22 mod 86
0%
50 mod 116
0%
32 mod 136
0%
78 mod 86
0%
20 mod 137
0%
55 mod 167
0%
63 mod 87
0%
79 mod 87
0%
25 mod 97
0%
64 mod 197
0%
61 mod 97
0%
77 mod 107
0%
62 mod 117
0%
95 mod 117
0%
59 mod 137
0%
57 mod 107
0%
92 mod 177
0%
23 mod 87
0%
39 mod 87
0%
40 mod 117
0%
41 mod 177
0%
58 mod 177
0%
70 mod 97
0%
55 mod 87
0%
79 mod 97
0%
51 mod 117
0%
37 mod 107
0%
37 mod 157
0%
87 mod 167
0%
67 mod 107
0%
82 mod 157
0%
29 mod 117
0%
87 mod 107
0%
71 mod 87
0%
75 mod 177
0%
71 mod 167
0%
52 mod 97
0%
72 mod 137
0%
67 mod 157
0%
73 mod 117
0%
46 mod 137
0%
85 mod 137
0%
60 mod 138
0%
93 mod 178
0%
84 mod 198
0%
96 mod 118
0%
35 mod 98
0%
73 mod 138
0%
21 mod 138
0%
86 mod 138
0%
63 mod 118
0%
72 mod 168
0%
41 mod 118
0%
62 mod 98
0%
59 mod 178
0%
47 mod 138
0%
53 mod 158
0%
23 mod 158
0%
68 mod 108
0%
30 mod 118
0%
38 mod 158
0%
76 mod 178
0%
65 mod 198
0%
53 mod 98
0%
46 mod 198
0%
25 mod 178
0%
88 mod 168
0%
68 mod 158
0%
35 mod 139
0%
74 mod 139
0%
66 mod 199
0%
26 mod 179
0%
54 mod 159
0%
48 mod 139
0%
61 mod 139
0%
20 mod 119
0%
42 mod 119
0%
73 mod 169
0%
60 mod 179
0%
31 mod 119
0%
43 mod 179
0%
47 mod 199
0%
39 mod 159
0%
69 mod 109
0%
87 mod 139
0%
29 mod 109
0%
57 mod 169
0%
59 mod 109
0%
94 mod 179
0%
28 mod 199
0%
75 mod 119
0%
89 mod 169
0%
53 mod 119
0%
24 mod 159
0%
49 mod 109
0%
85 mod 199
0%
84 mod 159
0%

Verteilung der Resultate

Perzentil nach korrekt beantworteten Fragen

Anzahl Personen mit jedem Resultat

Ihre Resultats-Entwicklung

Sie haben dieses Quiz noch nicht gespielt